00510 2200157 4500001002100000005001500021035002000036007000300056008003900059020002800098100001600126245009600142250001600238260007700254300002100331INLIS00000000000005620230119091305 a0010-0721000041ta230119 | | |  aISBN 978-602-282-974-40 aE. Kosasih.1 aBAHASA INDONESIA 8 :bBUKU GURU SMP/MTS KELAS VIII /cKementerian Pendidikan dan Kebudayaan aRevisi 2017 aJakarta :bPusat Kurikulum dan Perbukuan, Balitbang, Kemendikbud.,c2017 a144 hlm :b25 cm